[Event "GER-chT U12"]
[Site "Magdeburg"]
[Date "2023.12.30"]
[Round "7.8"]
[White "Libert, Nick"]
[Black "Wang, Kaiwen"]
[Result "0-1"]
[WhiteElo "1304"]
[BlackElo "1446"]
[PlyCount "80"]
[EventDate "2023.12.26"]
[EventType "team-swiss"]
[EventRounds "7"]
[EventCountry "GER"]
[SourceTitle "CB03_2024"]
[SourceDate "2024.01.17"]
[SourceVersion "1"]
[SourceVersionDate "2024.01.17"]
[SourceQuality "1"]
[WhiteTeam "Brackel"]
[BlackTeam "Hamburger SK"]
[WhiteTeamCountry "GER"]
[BlackTeamCountry "GER"]

1. e4 e5 2. Nf3 Nc6 3. Bc4 Bc5 4. Nc3 d6 5. h3 Nf6 6. d3 Na5 7. Bb3 Nxb3 8. axb3 c6 9. Bg5 Bb6 10. Qd2 h6 11. Bh4 Be6 12. Bg3 Qd7 13. d4 exd4 14. Nxd4 Bc7 15. Rd1 Rd8 16. Nxe6 Qxe6 17. 0-0 0-0 18. Rfe1 Qd7 19. Qe3 Qe6 20. Qf3 Nd7 21. Rd3 Ne5 22. Bxe5 dxe5 23. Red1 Rxd3 24. Rxd3 b5 25. Qd1 Qf6 26. Qg4 Bb6 27. Rf3 Qg6 28. Qxg6 fxg6 29. Rxf8+ Kxf8 30. Kf1 Bd4 31. Ke2 Bxc3 32. bxc3 a5 33. Kd3 Ke7 34. c4 Kd6 35. g3 g5 36. f3 Kc5 37. cxb5 cxb5 38. Kc3 h5 39. Kd3 a4 40. Kc3 b4+ 0-1

[Event "GER-chT U12"]
[Site "Magdeburg"]
[Date "2023.12.29"]
[Round "6.7"]
[White "Zhao, Yunsheng"]
[Black "Libert, Nick"]
[Result "1-0"]
[WhiteElo "1433"]
[BlackElo "1304"]
[PlyCount "117"]
[EventDate "2023.12.26"]
[EventType "team-swiss"]
[EventRounds "7"]
[EventCountry "GER"]
[SourceTitle "CB03_2024"]
[SourceDate "2024.01.17"]
[SourceVersion "1"]
[SourceVersionDate "2024.01.17"]
[SourceQuality "1"]
[WhiteTeam "Bad Homburg"]
[BlackTeam "Brackel"]
[WhiteTeamCountry "GER"]
[BlackTeamCountry "GER"]

1. e4 e5 2. Nf3 Nc6 3. Bc4 Nf6 4. d3 h6 5. Nc3 Bc5 6. Be3 Bb6 7. h3 d6 8. Qd2 Be6 9. Bb3 Qd7 10. d4 exd4 11. Nxd4 Nxd4 12. Bxd4 Bxb3 13. axb3 Bxd4 14. Qxd4 a6 15. 0-0 0-0 16. Rad1 Rfe8 17. Rfe1 Rad8 18. Qb4 Qc6 19. Rd4 Rd7 20. Re3 Qb6 21. Qc4 c6 22. Qd3 Qc7 23. Qd2 Re6 24. Ne2 d5 25. Ng3 dxe4 26. Rxd7 Qxd7 27. Qxd7 Nxd7 28. Rxe4 Rxe4 29. Nxe4 Kf8 30. Nd6 b5 31. Nf5 Nc5 32. Nd4 a5 33. Nxc6 a4 34. bxa4 bxa4 35. Kf1 Ke8 36. Nb4 Kd7 37. Ke2 Kd6 38. Nd3 g6 39. Nxc5 Kxc5 40. Kd3 f5 41. g3 Kd5 42. f3 Kc5 43. h4 g5 44. hxg5 hxg5 45. Kc3 f4 46. gxf4 gxf4 47. Kd3 Kd5 48. c4+ Kc5 49. Kc3 Kd6 50. Kd4 Kc6 51. c5 Kd7 52. Kd5 Kc7 53. c6 Kd8 54. Kc5 Kc7 55. Kb5 a3 56. bxa3 Kc8 57. Kb6 Kb8 58. c7+ Kc8 59. a4 1-0

[Event "GER-chT U12"]
[Site "Magdeburg"]
[Date "2023.12.27"]
[Round "2.9"]
[White "Libert, Nick"]
[Black "Meitzner, Johan Eduard"]
[Result "1/2-1/2"]
[WhiteElo "1304"]
[BlackElo "1383"]
[PlyCount "84"]
[EventDate "2023.12.26"]
[EventType "team-swiss"]
[EventRounds "7"]
[EventCountry "GER"]
[SourceTitle "CB03_2024"]
[SourceDate "2024.01.17"]
[SourceVersion "1"]
[SourceVersionDate "2024.01.17"]
[SourceQuality "1"]
[WhiteTeam "Brackel"]
[BlackTeam "Eichsfeld"]
[WhiteTeamCountry "GER"]
[BlackTeamCountry "GER"]

1. e4 c5 2. d4 cxd4 3. c3 Nf6 4. e5 Nd5 5. cxd4 e6 6. Nf3 b6 7. Bc4 Bb7 8. Bd2 d6 9. exd6 Bxd6 10. Nc3 Nxc3 11. Bxc3 0-0 12. 0-0 Nd7 13. Re1 Rc8 14. Bd3 Nf6 15. Rc1 Nd5 16. Qc2 h6 17. Ne5 Nb4 18. Qb3 Nxd3 19. Nxd3 Qg5 20. f3 Bxf3 21. Qc2 Bd5 22. Qf2 Qh5 23. Nf4 Bxf4 24. Qxf4 Qg6 25. Qf2 Rfd8 26. Re3 Qg5 27. Rf1 Rd7 28. Rg3 Qe7 29. a3 Bc4 30. Rc1 Rd5 31. Bb4 Qd7 32. b3 Rf5 33. Qe3 Ba6 34. Rd1 Rf6 35. Qe5 Kh8 36. Bd2 Qb5 37. h3 Qxe5 38. dxe5 Rf5 39. Re1 Rc2 40. Bb4 Bb7 41. Rf1 Rxe5 42. Rxf7 Bd5 1/2-1/2